Catálogo público

Plagas de importancia cuarentenaria en frutas de hueso, pomáceas y uvas provenientes de Chile a México (Record no. 100224)

MARC details
000 -CABECERA
campo de control de longitud fija 03330nam a2200481 a 4500
001 - NÚMERO DE CONTROL
campo de control 000103761
003 - IDENTIFICADOR DEL NÚMERO DE CONTROL
campo de control CHAP
005 - FECHA Y HORA DE LA ÚLTIMA TRANSACCIÓN
campo de control 20241121110228.0
007 - CAMPO FIJO DE DESCRIPCIÓN FÍSICA--INFORMACIÓN GENERAL
campo de control de longitud fija cr ||||||a|c|a
008 - DATOS DE LONGITUD FIJA--INFORMACIÓN GENERAL
campo de control de longitud fija 110112s2010 mx r 00010 spa d
035 ## - NÚMERO DE CONTROL DEL SISTEMA
Número de control de sistema 111883
040 ## - FUENTE DE LA CATALOGACIÓN
Centro/agencia transcriptor CHAP
090 ## - LOCALMENTE ASIGNADO TIPO-LC NÚMERO DE CLASIFICACIÓN (OCLC); NÚMERO DE CLASIFICACIÓN LOCAL (RLIN)
Número de clasificación (OCLC) (R) ; Numero de clasificación, CALL (RLIN) (NR) Tesis
100 1# - ENTRADA PRINCIPAL--NOMBRE DE PERSONA
Nombre de persona Magaña Magaña, Juan Feliciano.
9 (RLIN) 69798
245 10 - MENCIÓN DE TÍTULO
Título Plagas de importancia cuarentenaria en frutas de hueso, pomáceas y uvas provenientes de Chile a México
Mención de responsabilidad, etc. /por Juan Feliciano Magaña Magaña; director de tesis Juan Fernando Solís Aguilar.
264 #1 - PRODUCCIÓN, PUBLICACIÓN, DISTRIBUCIÓN, FABRICACIÓN Y COPYRIGHT
Producción, publicación, distribución, fabricación y copyright Chapingo, Méx. :
Nombre del de productor, editor, distribuidor, fabricante El autor,
Fecha de producción, publicación, distribución, fabricación o copyright El autor.
300 ## - DESCRIPCIÓN FÍSICA
Extensión 1 recurso en línea (103 páginas):
Otras características físicas cuadros, figuras.
336 ## - TIPO DE CONTENIDO
Fuente rdacontent
Término de tipo de contenido texto
Código de tipo de contenido txt
337 ## - TIPO DE MEDIO
Fuente rdamedia
Nombre/término del tipo de medio computadora
Código del tipo de medio c
338 ## - TIPO DE SOPORTE
Fuente rdacarrier
Nombre/término del tipo de soporte recursos en línea
Código del tipo de soporte cr
502 ## - NOTA DE TESIS
Tipo de título Ingeniero Agrónomo Especialista en Parasitología Agrícola
Nombre de la institución que otorga el título Departamento de Enseñanza, Investigación y Servicio en Parasitología Agrícola,
Año de obtención del título 2010.
Información miscelánea Licenciatura
520 ## - SUMARIO, ETC.
Sumario, etc. El presente trabajo se realizó con el objetivo de generar un documento en el cual se tenga información sobre plagas de importancia cuarentenaria en frutas de hueso, pomáceas y uvas provenientes de Chile a México, realizándose una consulta de bibliografía de tesis, folletos, artículos científicos, libros, internet, bases de datos, etc. Consultando información de las siguientes plagas: 2 Ácaros (Aculus cornutus y Brevipalpus chilensis), 4 Lepidópteros (Cydia molesta, Lobesia botrana, Proeulia auraria y Proeulia chrysopteris), 1 Coleóptero (Naupactus xanthographus) y 1 Hemíptero (Pseudococcus viburni), con la finalidad de obtener información importante y necesaria para los profesionistas encargados de la fitosanidad del país, que les sirva de apoyo para la identificación y control de las plagas mencionadas, ya que sería devastador la introducción de nuevas plagas, sin tener una base de cómo tratar con ellas. El tratamiento más utilizado para la eliminación de las plagas en fruta proveniente de Chile a México, es el baño o aspersión de agua con cloro (200 ppm), después se pasa a lavado con agua y jabón, lavado a alta presión con agua y cepillo, soplado de aire de secado, depilación con cera y secado con aire caliente forzado, después se realiza un monitoreo en el empaque y si aún se encuentra alguna plaga se le da tratamiento en frio o se fumiga la embarcación con bromuro de metilo, con estos métodos se eliminan todas las plagas que el embarque pueda tener y así realizar la importación.
650 14 - PUNTO DE ACCESO ADICIONAL DE MATERIA--TÉRMINO DE MATERIA
Término de materia o nombre geográfico como elemento de entrada Fruta de hueso
Subdivisión general Plagas.
9 (RLIN) 43669
650 14 - PUNTO DE ACCESO ADICIONAL DE MATERIA--TÉRMINO DE MATERIA
Término de materia o nombre geográfico como elemento de entrada Fruta
Subdivisión general Cuarentena.
9 (RLIN) 43606
650 14 - PUNTO DE ACCESO ADICIONAL DE MATERIA--TÉRMINO DE MATERIA
Término de materia o nombre geográfico como elemento de entrada Fruta
Subdivisión general Importación.
9 (RLIN) 43624
650 14 - PUNTO DE ACCESO ADICIONAL DE MATERIA--TÉRMINO DE MATERIA
Término de materia o nombre geográfico como elemento de entrada Plagas
Subdivisión general Cuarentena.
9 (RLIN) 88635
700 1# - PUNTO DE ACCESO ADICIONAL--NOMBRE DE PERSONA
Nombre de persona Solís Aguilar, Juan Fernando
9 (RLIN) 108424
Término indicativo de función/relación Director de tesis.
856 ## - LOCALIZACIÓN Y ACCESO ELECTRÓNICOS
Identificador Uniforme del Recurso http://10.13.5.2/tesis/111883.pdf
Nota pública DESCARGAR PDF
942 ## - ELEMENTOS DE PUNTO DE ACCESO ADICIONAL (KOHA)
Tipo de ítem Koha Tesis digital
Fuente del sistema de clasificación o colocación Clasificación Universidad Autónoma Chapingo
590 ## - NOTA LOCAL (RLIN)
Nota local ALEPH
Procedencia (VM) [OBSOLETO] 10
Condición del los carretes individuales (VM) [OBSOLETO] 20130110
590 ## - NOTA LOCAL (RLIN)
Nota local BATCH-UPD
Procedencia (VM) [OBSOLETO] 10
Condición del los carretes individuales (VM) [OBSOLETO] 20130110
590 ## - NOTA LOCAL (RLIN)
Nota local BATCH-UPD
Procedencia (VM) [OBSOLETO] 10
Condición del los carretes individuales (VM) [OBSOLETO] 20130410
590 ## - NOTA LOCAL (RLIN)
Nota local BATCH-UPD
Procedencia (VM) [OBSOLETO] 10
Condición del los carretes individuales (VM) [OBSOLETO] 20130914
590 ## - NOTA LOCAL (RLIN)
Nota local BATCH-UPD
Procedencia (VM) [OBSOLETO] 10
Condición del los carretes individuales (VM) [OBSOLETO] 20140324
590 ## - NOTA LOCAL (RLIN)
Nota local BATCH-UPD
Procedencia (VM) [OBSOLETO] 10
Condición del los carretes individuales (VM) [OBSOLETO] 20141002
590 ## - NOTA LOCAL (RLIN)
Nota local CONVERSION
Procedencia (VM) [OBSOLETO] 10
Condición del los carretes individuales (VM) [OBSOLETO] 20130109
590 ## - NOTA LOCAL (RLIN)
Nota local E11695DGD
Procedencia (VM) [OBSOLETO] 10
Condición del los carretes individuales (VM) [OBSOLETO] 20141006
901 ## - ELEMENTOS DE DATOS A LOCAL LDA (RLIN)
a BK
949 ## - PROCESAMIENTO DE INFORMACIÓN LOCAL (OCLC)
a Tesis
b BC
c TES
d 33724002225280
e TS2
f c.2
g DonaciØn
h 51720
i 111883
s b
949 ## - PROCESAMIENTO DE INFORMACIÓN LOCAL (OCLC)
a Tesis
b BC
c TES
d 33724002225322
e TS1
g DonaciØn
h 51719
i 111883
s b
Holdings
Estado de retiro Estado de pérdida Fuente del sistema de clasificación o colocación Estado dañado Restricciones de uso No para préstamo Código de colección Localización permanente Ubicación/localización actual Ubicación en estantería Fecha de adquisición Total de préstamos Signatura topográfica completa Fecha visto por última vez Precio válido a partir de Tipo de ítem Koha
    Clasificación Universidad Autónoma de Chapingo   Préstamo interno   Tesis digitales de Licenciatura Biblioteca Digital Biblioteca Digital En línea 31/12/2019   Tesis digital 31/12/2019 31/12/2019 Tesis digital